| 000 | 00684nam a2200229Ia 4500 | ||
|---|---|---|---|
| 001 | 234 | ||
| 003 | AR-BaAGN | ||
| 005 | 20231103120955.0 | ||
| 007 | ta | ||
| 008 | 211206s9999 xx 000 0 spa d | ||
| 040 |
_aAR-BaAGN _bspa _eaacr |
||
| 110 | _aH. Convención Constituyente | ||
| 245 | 1 | 0 | _aConstitución de la Provincia de San Juan (1856) |
| 260 |
_aSan Juan : _bImp. del Agricultor, _c1857. |
||
| 300 | _a11 páginas | ||
| 336 |
_2rdacontent _btxt |
||
| 337 |
_2rdamedia _bn |
||
| 338 |
_2rdacarrier _bnc |
||
| 500 | _aSancionada por su H. Convención Constituyente en siete de abril de 1856, y promulgada en 12 del mismo mes de 1857 | ||
| 942 | _cLIBRO | ||
| 999 |
_c234 _d234 |
||